| 000 | 00521 a2200193 4500 | ||
|---|---|---|---|
| 999 |
_c32231 _d32231 |
||
| 003 | OSt | ||
| 005 | 20260402151849.0 | ||
| 008 | 260402b ||||| |||| 00| 0 eng d | ||
| 020 | _a9788120721463 | ||
| 040 | _c. | ||
| 082 |
_a333.7 _bM1111 |
||
| 100 |
_96730 _aM, Karpagam |
||
| 245 |
_aEnvironmental Economics: A Textbook / _cKarpagam M. |
||
| 250 | _a3rd rev ed. | ||
| 260 |
_bSterling Publishers Pvt Ltd., _aNew Delhi : _c2019. |
||
| 300 | _a477 p. | ||
| 650 | 0 |
_91793 _aEnvironmental Economics |
|
| 942 |
_2ddc _cBK |
||